000 00606nam a22002177a 4500
003 UA-OsUOA
001 99845
007 ta
008 20130520b un ||||| |||| 00| 0 ukr d
090 _a821.111
_bБ67
942 _cBK
040 _aUA-OsUOA
_bukr
_cUA-OsUOA
_dUA-OsUOA
245 _aСучасна австралійська повість
_cупоряд. О. Зернецька
300 _a397 с.
955 _a3
041 _aukr
080 _a821.111
260 _aК.
_bДніпро
_c1982
650 7 _a82 Література. Літературознавство
_2UDC
999 _c386082
_d386082